Life and works of Chakravarti Rajagopalachari / (Record no. 65426)

MARC details
000 -LEADER
fixed length control field 00746nam a22002177a 4500
005 - DATE AND TIME OF LATEST TRANSACTION
control field 20130326120104.0
010 ## - LCCN (DPL NO)
LC control number ENG-105037 B-491393-395
020 ## - INTERNATIONAL STANDARD BOOK NUMBER
International Standard Book Number 9788181522467
Terms of availability 675.00
035 ## - SYSTEM CONTROL NUMBER
System control number EN-88570 B-491393-395
037 ## - SOURCE OF ACQUISITION
Source of stock number/acquisition DBAD/PUB
037 ## - SOURCE OF ACQUISITION
Source of stock number/acquisition Malika Books/Ven
082 ## - DEWEY DECIMAL CLASSIFICATION NUMBER
Classification number 921
100 ## - MAIN ENTRY--PERSONAL NAME
Personal name Sharma, S.R.
245 ## - TITLE STATEMENT
Title Life and works of Chakravarti Rajagopalachari /
Statement of responsibility, etc by S. R. Sharma
260 ## - PUBLICATION, DISTRIBUTION, ETC. (IMPRINT)
Place of publication, distribution, etc Jaipur
Name of publisher, distributor, etc Book Enclave
Date of publication, distribution, etc 2009
270 ## - ADDRESS
Address Jain Bhawan, Opp. N.E.I., Shanti Nagar
City Jaipur
Postal code 302006
300 ## - PHYSICAL DESCRIPTION
Extent vi,216p.
Dimensions 22cm(Hb)
500 ## - GENERAL NOTE
General note Includes index
942 ## - ADDED ENTRY ELEMENTS (KOHA)
Source of classification or shelving scheme Dewey Decimal Classification
Item type English Books
Call number suffix SHA
Classification part 921
Holdings
Withdrawn status Lost status Not for loan Collection code Home library Current library Date acquired Source of acquisition Cost, normal purchase price Full call number Barcode Copy number Cost, replacement price Koha item type
      Non-fiction Central Library Central Library 26/03/2013 Mallika Books/68/10.01.2013/23/18.12.2012/18.01.2013 675.00 921 SHA B-491393 1 675.00 English Books
    Not For Loan Non-fiction D.B.Act.Division D.B.Act.Division 23/04/2012 DBAD/PUB 675.00 SHA EN-88570 1 675.00 English Books
      Non-fiction Janak Puri Janak Puri 26/03/2013 Mallika Books/68/10.01.2013/23/18.12.2012/18.01.2013 675.00 921 SHA B-491395 1 675.00 English Books
      Non-fiction Patel Nagar Patel Nagar 26/03/2013 Mallika Books/68/10.01.2013/23/18.12.2012/18.01.2013 675.00 921 SHA B-491394 1 675.00 English Books

© Delhi Public Library
Hit Counter
free hit counter